000 11209cam a2202185 i 4500
999 _c5757
001 19873522
003 LIBRIS
005 20200903151113.0
008 161122s2018 sw |||||||||||000 0|swe|d
020 _a9789127143104
_qflexband
035 _a(BOKR)9789127143104
040 _aBOKR
_bswe
_dS
_ei
_erda
041 _aswe
082 0 4 _a616.89
_223/swe
084 _aVl
_2kssb/8
084 _aVef
_2kssb/8
100 1 _aRahm, Christoffer,
_d1977-
_4aut
_0https://libris.kb.se/khw06nq32tbf5pj#it
245 1 0 _aNeurovetenskaplig psykiatri /
_cChristoffer Rahm.
250 _aFörsta utgåvan
264 1 _a[Stockholm] :
_bNatur & Kultur,
_c[2018]
264 3 _c2018
300 _a502 sidor
_billustrationer
_c25 cm
336 _atext
_btxt
_2rdacontent
337 _aunmediated
_bn
_2rdamedia
338 _avolume
_bnc
_2rdacarrier
340 _b25 cm
500 _5Li
_aPliktex.
650 7 _aNeurovetenskap
_0https://id.kb.se/term/sao/Neurovetenskap
_2sao
650 7 _aPsykiatri
_xmetodik
_2sao
650 2 _aPsychiatry
650 2 _aNeurosciences
650 0 _aNeurosciences
650 7 _aPsykiatri
_0https://id.kb.se/term/sao/Psykiatri
_2sao
650 7 _aNeurovetenskap
_0https://id.kb.se/term/sao/Neurovetenskap
_2sao
653 _aPsychiatry
653 _aNeurosciences
653 _aPsykiatri
653 _aPsykiska sjukdomar
653 _aNeurovetenskap
887 _a{"@id":"dxq3xrdq3g7cdsg","modified":"2018-01-29T12:10:29+01:00","checksum":"106753487029"}
_2librisxl
887 _a{"@id":"lvfv4hh3jn3lkn0v","modified":"2019-02-22T14:16:29.634+01:00","checksum":"31028033192"}
_2librisxl
887 _a{"@id":"48hxsjj91d56gp4","modified":"2018-03-06T13:10:54+01:00","checksum":"16059892387"}
_2librisxl
887 _a{"@id":"hmv9bnkn1pc2515","modified":"2018-03-09T16:58:25+01:00","checksum":"32097993257"}
_2librisxl
887 _a{"@id":"tz6m9sf0135jlh7","modified":"2018-02-19T15:06:09+01:00","checksum":"39378756800"}
_2librisxl
887 _a{"@id":"qv3kxrfw0r1dzjh","modified":"2018-04-13T08:17:11+02:00","checksum":"57886073755"}
_2librisxl
887 _a{"@id":"7cl1dmwd2xpjlxx","modified":"2018-01-29T11:05:08+01:00","checksum":"16717104493"}
_2librisxl
887 _a{"@id":"pzqlzm9qmb8gz0w2","modified":"2018-08-09T09:30:18.131+02:00","checksum":"29325030480"}
_2librisxl
887 _a{"@id":"48hwvmf92lpq4f2","modified":"2018-01-19T08:22:54+01:00","checksum":"34133400612"}
_2librisxl
887 _a{"@id":"15dtcfz639ws40m","modified":"2018-02-07T10:59:27+01:00","checksum":"31928536887"}
_2librisxl
887 _a{"@id":"chq413jj5qp2j3k","modified":"2018-01-12T10:56:28+01:00","checksum":"34287522475"}
_2librisxl
887 _a{"@id":"chq557dj4hczh2t","modified":"2018-03-08T09:04:21+01:00","checksum":"37559365621"}
_2librisxl
887 _a{"@id":"26fvcd1758kqn3b","modified":"2018-01-31T18:13:54+01:00","checksum":"51956801253"}
_2librisxl
887 _a{"@id":"w5v3cw59trgkpzlt","modified":"2018-07-17T16:07:25.153+02:00","checksum":"33476449386"}
_2librisxl
887 _a{"@id":"sx5lxtgz2p989x5","modified":"2018-04-03T15:59:00+02:00","checksum":"40777775361"}
_2librisxl
887 _a{"@id":"qv3j2b3w3xhj0l9","modified":"2020-02-26T14:08:53.94+01:00","checksum":"6168877412"}
_2librisxl
887 _a{"@id":"9fn34g1g241tshl","modified":"2018-03-09T16:12:16+01:00","checksum":"61920063608"}
_2librisxl
887 _a{"@id":"hmv92vrn1dcnb0z","modified":"2018-02-21T14:17:51+01:00","checksum":"2660878440"}
_2librisxl
887 _a{"@id":"sx5l8wmz55fw6jk","modified":"2018-02-20T14:00:36+01:00","checksum":"36174005272"}
_2librisxl
887 _a{"@id":"x29pmwc340frjg2","modified":"2018-01-17T18:15:16+01:00","checksum":"57696932675"}
_2librisxl
887 _a{"@id":"8dm2q1nf37hkvcn","modified":"2018-02-16T18:21:18+01:00","checksum":"31067489278"}
_2librisxl
887 _a{"@id":"pt2gxwpv37dfvmk","modified":"2017-12-29T09:21:51+01:00","checksum":"21184744515"}
_2librisxl
887 _a{"@id":"v07nbc711mqz3n6","modified":"2018-02-15T13:34:27+01:00","checksum":"14726360893"}
_2librisxl
887 _a{"@id":"bgp343nh3jg9373","modified":"2018-01-22T15:16:25+01:00","checksum":"40118837166"}
_2librisxl
887 _a{"@id":"w18npnp20l4v5m9","modified":"2018-01-22T15:25:12+01:00","checksum":"13112614203"}
_2librisxl
887 _a{"@id":"w18nl88234c7g92","modified":"2018-01-16T14:41:15+01:00","checksum":"18848399947"}
_2librisxl
887 _a{"@id":"04ctd6z55pnfkh6","modified":"2018-04-27T15:19:41+02:00","checksum":"34947995480"}
_2librisxl
887 _a{"@id":"frf1sd3wc31nrx45","modified":"2019-12-17T15:56:17.312+01:00","checksum":"40564685137"}
_2librisxl
887 _a{"@id":"tz6mdf10013q74z","modified":"2018-02-22T14:20:39+01:00","checksum":"39229515967"}
_2librisxl
887 _a{"@id":"w18pcvj235m8m80","modified":"2018-02-19T15:17:35+01:00","checksum":"20949060755"}
_2librisxl
887 _a{"@id":"26ftr1n70nbf6rw","modified":"2018-01-17T18:21:38+01:00","checksum":"57740917942"}
_2librisxl
887 _a{"@id":"pt2g44hv2fjltvv","modified":"2018-01-04T18:33:05+01:00","checksum":"54254002827"}
_2librisxl
887 _a{"@id":"pt2g9sbv5cwpvjr","modified":"2018-01-09T08:15:43+01:00","checksum":"54666111148"}
_2librisxl
887 _a{"@id":"jnwbpgvp3hfq0tw","modified":"2018-01-30T12:12:28+01:00","checksum":"51171754130"}
_2librisxl
887 _a{"@id":"ns1gh6lt41v6jmq","modified":"2020-01-28T12:32:49.117+01:00","checksum":"17276729421"}
_2librisxl
887 _a{"@id":"dqlblfmtbdvqx444","modified":"2020-01-31T14:49:29.577+01:00","checksum":"37106360437"}
_2librisxl
887 _a{"@id":"sx5k0ssz11c5pkv","modified":"2017-12-27T18:09:19+01:00","checksum":"34020701318"}
_2librisxl
887 _a{"@id":"jnw98vdp2rq7qfh","modified":"2018-01-18T15:00:56+01:00","checksum":"40868330918"}
_2librisxl
887 _a{"@id":"pt2gw61v54qd9jx","modified":"2017-12-22T11:10:30+01:00","checksum":"23592976573"}
_2librisxl
887 _a{"@id":"pzlz3pbrm85vlgfr","modified":"2019-03-11T10:10:13.052+01:00","checksum":"43782758634"}
_2librisxl
887 _a{"@id":"fks7z6zl0mclz8l","modified":"2018-02-21T09:22:24+01:00","checksum":"10482934721"}
_2librisxl
887 _a{"@id":"04cs93952ksprq7","modified":"2018-02-05T14:02:19+01:00","checksum":"41716741773"}
_2librisxl
887 _a{"@id":"lqzfcssr5jk42rh","modified":"2018-05-17T13:00:33+02:00","checksum":"54879102908"}
_2librisxl
887 _a{"@id":"z3bql384050g6pf","modified":"2019-12-02T13:03:18.504+01:00","checksum":"15132912316"}
_2librisxl
887 _a{"@id":"qv3h9hgw1k4blkr","modified":"2018-01-08T18:28:04+01:00","checksum":"56552897089"}
_2librisxl
887 _a{"@id":"04csmqz53n57kpd","modified":"2018-03-01T10:26:50+01:00","checksum":"35192133429"}
_2librisxl
887 _a{"@id":"w18nlwd20qls6fr","modified":"2018-08-21T15:02:07.674+02:00","checksum":"29741111018"}
_2librisxl
887 _a{"@id":"rw4kmtjx5n8szpb","modified":"2018-03-14T10:17:26+01:00","checksum":"60082808249"}
_2librisxl
942 _2z
_cBOOK